000 00930nam a2200289 i 4500
003 DO-SdBNP
005 20260321073646.0
006 a||||gr|||| 00| 0
007 ta
008 240405n1989 dr ||||| |||| 00| f spa d
040 _aDO-SdBNP
_bspa
_cBPHU
_erda
082 1 _222
_a232.961
_bB742j, 1989
100 1 _a Bosch, Juan,
_d1909-2001
_eautor
_976555
245 1 0 _aJudas Iscariote, el calumniado /
_cJuan Bosch.
250 _a8a edición
264 1 _aSanto Domingo :
_bAlfa & Omega,
_c1989
300 _a149 páginas ;
_c20 cm
336 _2rdacontent
_atexto
_btxt
337 _2rdamedia
_asin mediación
_brda
338 _2rdacarrier
_avolumen
_bnc
600 4 _aJudas Iscariote
_xCrítica e Interpretación
_91106
650 4 _aInterpretación de la biblia.
_91107
650 4 _aCristianismo y literatura.
_91108
650 4 _aReligión en la literatura.
_91109
650 4 _aLiteratura dominicana.
942 _2ddc
_cLBS1
999 _c56268
_d56268